| 000 | 00753nam a22002417a 4500 | ||
|---|---|---|---|
| 999 |
_c10261 _d10261 |
||
| 003 | AR-CdUCM | ||
| 008 | 190329b ||||| |||| 00| 0 spa d | ||
| 040 |
_aMUNICIPALIDAD PROVINCIAL DEL CUSCO _cBIBLIOTECA MUNICIPAL DEL CUSCO |
||
| 041 | _heng | ||
| 082 |
_29ed. _a895.36 / _bL82 / 1966 |
||
| 100 |
_aLobsang Rampa, T. _911039 |
||
| 245 | _aLa caverna de los antepasados / | ||
| 260 |
_aBuenos Aires : _bTroquel, _c1966.. |
||
| 300 |
_a254 paginas ; _c21 cm. |
||
| 500 | _aTitulo original : The cave of theancients | ||
| 505 | _aContenido : Capitulos | ||
| 650 |
_aAntepasados _927012 |
||
| 650 |
_aSiglo XX _98 |
||
| 650 |
_aPoderes de lo oculto _927013 |
||
| 700 |
_aNieto, Ines ( traductor) _927014 |
||
| 942 |
_2ddc _cLIBROS |
||
| 945 | _awnts | ||